00749 2200229 4500001002100000005001500021035002000036007000300056008004100059020002200100082000800122084001400130100001900144245007500163250001100238260004500249300003800294650000800332700001800340700001700358520014400375INLIS00000000000000420220329100953 a0010-0322000004ta220329 b 0 ind  a978-602-01-2608-1 a500 a500 MOM b0 aMomon Sulaeman1 aBuku RIngkasan Materi dan Latihan IPA SD/MI Kelas IV /cMomon Sulaeman aRevisi aBandung :bGrafindo Media Pratama,c2021 a160 halaman :bilustrasi ;c25 cm 4aIPA0 aAsmaul Husnah0 aIshak Wijono aBRILIAN Ilmu Pengetahuan Alam 4 untuk SD/MI Kelas IV disusun berdasarkan Kompetensi Inti dan Kompetensi Dasar Kurikulum 2013 (Edisi Revisi)